01846cam a22004334i 4500003000900000005001700009008004100026035001900067040003300086082002000119100003000139245006800169264004900237300000500286336002100291337002500312338002300337505038300360526000900743526000900752526000900761526000900770526000900779526000900788526000800797526000800805526000800813526000800821526000800829526000800837651003600845910000500881942001400886949013700900596000601037999015401043980005501197952016001252PE-LiUPU20250731184552.0150625s r 000 0 d a(Sirsi) a34295 aPE-LiUPUbspacPE-LiUPUerda04a938.05bC722211 aCollas, Pericles,eautor.10aDescription complete de lacropole d'athenes /cPericles Collas. 1aAthenes :bEd._Lib._C. Cacoulides,c[197_ ]. a atext2rdacontent aunmediated2rdamedia avolume2rdacarrier0 aL'entree actuelle. - Escalier monumental. - I'Ancien acces principal. - Traces de la voie. - Marches. - Le Parthenon. - Est le Pronaos. - Les métopes. - Tambours de marbre. - Musee de l'Acropole. - Belvedere. - Une entree prehistorique. - Marches en poros. - Bátments et d'installation. - Grotte de destination incómonnue., Deux entree d'un corridorn naturedan zdul Roc,l. aP136 aP135 aP134 aP133 aP144 aP143 aP87 aP35 aP20 aP14 aP10 aP06 aAtenasxHistoria (Acrópolis). a 2ddccBOOK a938.05 C72wDEWEYc1i33826lCCODEBUL1mBULp00.00r0sYtBOOKu2015-06-25xBIBLIOTECAzUNKNOWN0COMPRAo.STAFF. Colección General a1 a938.05 C72wDEWEYc42136i33826f2021-11-8g5lCCODEBUL1mBULr0sYtBOOKu2015-6-25xBIBLIOTECAzUNKNOWN0COMPRAo.STAFF. Colección Generald42136 81gALBERTO SANCHEZ Responsable de Automatización r2025-12-03 00:00:00i6l0o938.05 C72p33826te1w2015-06-25xFACIHEDyBKzinventario-2023-12-13102ddc50708GENfP14aBULbBULcGENd2015-06-25eCOMPRA